000
00326nam a2200133Ia 4500
005
20251222144642.0
008
251222s9999||||xx |||||||||||||| ||spa||
020
_a
84-206-8005-2
082
_a
155.4/D55
100
_a
Delval, Juan
245
0
_a
Lecturas de psicología del niño
264
_b
Alianza Editorial
942
_c
LIB
999
_c
16728
_d
16728